Conjugaison - entendre - Statistiques

Statistiques générales
  • Ce quiz a été pris 10 fois
  • Le résultat moyen est 51 sur 96
Statistiques - réponses
Mode Temps Pronom Réponse % Correct
Indicatif Passé composé Il / elle / on a entendu
100%
Indicatif Passé composé J' ai entendu
100%
Indicatif Passé composé Tu as entendu
100%
Indicatif Passé composé Vous avez entendu
100%
Indicatif Passé composé Nous avons entendu
100%
Indicatif Présent Il / elle / on entend
100%
Indicatif Présent Ils / elles entendent
100%
Indicatif Présent Vous entendez
100%
Indicatif Présent Nous entendons
100%
Indicatif Présent J' entends
100%
Indicatif Présent Tu entends
100%
Indicatif Passé composé Ils / elles ont entendu
100%
Indicatif Passé simple J' entendis
90%
Indicatif Passé simple Ils / elles entendirent
80%
Indicatif Passé simple Tu entendis
80%
Indicatif Passé simple Il / elle / on entendit
80%
Indicatif Futur simple Il / elle / on entendra
70%
Indicatif Futur simple J' entendrai
70%
Conditionnel Présent J' entendrais
70%
Indicatif Futur simple Tu entendras
70%
Indicatif Futur simple Vous entendrez
70%
Indicatif Futur simple Nous entendrons
70%
Indicatif Futur simple Ils / elles entendront
70%
Indicatif Plus-que-parfait Ils / elles avaient entendu
60%
Indicatif Plus-que-parfait J' avais entendu
60%
Indicatif Plus-que-parfait Tu avais entendu
60%
Indicatif Plus-que-parfait Il / elle / on avait entendu
60%
Indicatif Plus-que-parfait Vous aviez entendu
60%
Indicatif Plus-que-parfait Nous avions entendu
60%
Indicatif Imparfait J' entendais
60%
Indicatif Imparfait Tu entendais
60%
Indicatif Imparfait Il / elle / on entendait
60%
Subjonctif Présent Que j' entende
60%
Subjonctif Présent Qu'il / qu'elle / qu'on entende
60%
Subjonctif Présent Qu'ils / qu'elles entendent
60%
Subjonctif Présent Que tu entendes
60%
Indicatif Imparfait Vous entendiez
60%
Subjonctif Présent Que vous entendiez
60%
Indicatif Passé simple Nous entendîmes
60%
Indicatif Imparfait Nous entendions
60%
Subjonctif Présent Que nous entendions
60%
Indicatif Passé simple Vous entendîtes
60%
Conditionnel Présent Tu entendrais
60%
Conditionnel Présent Il / elle / on entendrait
60%
Conditionnel Présent Vous entendriez
60%
Conditionnel Présent Nous entendrions
60%
Impératif Présent (tu) entends
60%
Impératif Présent (vous) entendez
50%
Impératif Présent (nous) entendons
50%
Conditionnel Présent Ils / elles entendraient
50%
Indicatif Passé antérieur Nous eûmes entendu
50%
Indicatif Passé antérieur J' eus entendu
50%
Indicatif Passé antérieur Tu eus entendu
50%
Indicatif Passé antérieur Il / elle / on eut entendu
50%
Indicatif Passé antérieur Vous eûtes entendu
50%
Indicatif Futur antérieur Il / elle / on aura entendu
40%
Indicatif Futur antérieur J' aurai entendu
40%
Conditionnel Passé J' aurais entendu
40%
Indicatif Futur antérieur Tu auras entendu
40%
Indicatif Futur antérieur Vous aurez entendu
40%
Indicatif Futur antérieur Nous aurons entendu
40%
Indicatif Futur antérieur Ils / elles auront entendu
40%
Participe Présent - entendant
40%
Infinitif Présent - entendre
40%
Indicatif Passé antérieur Ils / elles eurent entendu
40%
Subjonctif Passé Que j' aie entendu
30%
Subjonctif Passé Qu'ils / qu'elles aient entendu
30%
Subjonctif Passé Que tu aies entendu
30%
Subjonctif Passé Qu'il / qu'elle / qu'on ait entendu
30%
Conditionnel Passé Ils / elles auraient entendu
30%
Conditionnel Passé Tu aurais entendu
30%
Conditionnel Passé Il / elle / on aurait entendu
30%
Conditionnel Passé Vous auriez entendu
30%
Conditionnel Passé Nous aurions entendu
30%
Subjonctif Passé Que vous ayez entendu
30%
Subjonctif Passé Que nous ayons entendu
30%
Subjonctif Imparfait Que j' entendisse
30%
Subjonctif Imparfait Qu'ils / qu'elles entendissent
30%
Subjonctif Imparfait Que tu entendisses
30%
Subjonctif Imparfait Que vous entendissiez
30%
Subjonctif Imparfait Que nous entendissions
30%
Subjonctif Imparfait Qu'il / qu'elle / qu'on entendît
30%
Subjonctif Plus-que-parfait Que j' eusse entendu
30%
Subjonctif Plus-que-parfait Que tu eusses entendu
30%
Subjonctif Plus-que-parfait Qu'il / qu'elle / qu'on eût entendu
30%
Infinitif Passé - avoir entendu
20%
Impératif Passé (vous) ayez entendu
20%
Impératif Passé (nous) ayons entendu
20%
Gérondif Passé - en ayant entendu
20%
Gérondif Présent - en entendant
20%
Participe Passé - entendu
20%
Subjonctif Plus-que-parfait Qu'ils / qu'elles eussent entendu
20%
Subjonctif Plus-que-parfait Que vous eussiez entendu
20%
Subjonctif Plus-que-parfait Que nous eussions entendu
20%
Participe Passé - ayant entendu
10%
Indicatif Imparfait Ils / elles entendiaient
0%
Aucun quiz correspondant
Distribution des résultats
% des personnes avec chaque résultat
Percentile par nombre de réponses
Votre historique - résultats
Vous n’avez pas pris ce quiz